<?xml version="1.0" encoding="UTF-8"?>
<record
    xmlns:xsi="http://www.w3.org/2001/XMLSchema-instance"
    xsi:schemaLocation="http://www.loc.gov/MARC21/slim http://www.loc.gov/standards/marcxml/schema/MARC21slim.xsd"
    xmlns="http://www.loc.gov/MARC21/slim">

  <leader>00332nam a22000977a 4500</leader>
  <controlfield tag="008">230905b        |||||||| |||| 00| 0 eng d</controlfield>
  <datafield tag="040" ind1=" " ind2=" ">
    <subfield code="a">National Science Library</subfield>
    <subfield code="c">National Science Library</subfield>
  </datafield>
  <datafield tag="245" ind1=" " ind2=" ">
    <subfield code="a">Asian geotechnical engineering age current awareness service </subfield>
  </datafield>
  <datafield tag="260" ind1=" " ind2=" ">
    <subfield code="a">Thailand: </subfield>
    <subfield code="b">Asian Institute of Technology, </subfield>
  </datafield>
  <datafield tag="942" ind1=" " ind2=" ">
    <subfield code="c">CR</subfield>
  </datafield>
  <datafield tag="999" ind1=" " ind2=" ">
    <subfield code="c">60318</subfield>
    <subfield code="d">60318</subfield>
  </datafield>
  <datafield tag="952" ind1=" " ind2=" ">
    <subfield code="0">0</subfield>
    <subfield code="1">0</subfield>
    <subfield code="3">Vol. 1-2, 1973-75</subfield>
    <subfield code="4">0</subfield>
    <subfield code="7">0</subfield>
    <subfield code="9">138073</subfield>
    <subfield code="a">NSL</subfield>
    <subfield code="b">NSL</subfield>
    <subfield code="c">SF/Rk-2/C-7/R-2</subfield>
    <subfield code="d">1978-11-25</subfield>
    <subfield code="l">0</subfield>
    <subfield code="p">92938</subfield>
    <subfield code="r">2023-09-05 00:00:00</subfield>
    <subfield code="w">1978-11-25</subfield>
    <subfield code="y">CR</subfield>
  </datafield>
  <datafield tag="952" ind1=" " ind2=" ">
    <subfield code="0">0</subfield>
    <subfield code="1">0</subfield>
    <subfield code="3">Vol. 1,  NOS. 1-4, 1973-74</subfield>
    <subfield code="4">0</subfield>
    <subfield code="7">0</subfield>
    <subfield code="9">138085</subfield>
    <subfield code="a">NSL</subfield>
    <subfield code="b">NSL</subfield>
    <subfield code="c">SF/Rk-2/C-7/R-2</subfield>
    <subfield code="d">1975-08-19</subfield>
    <subfield code="l">0</subfield>
    <subfield code="p">75354</subfield>
    <subfield code="r">2023-09-05 00:00:00</subfield>
    <subfield code="w">1975-08-19</subfield>
    <subfield code="y">CR</subfield>
  </datafield>
  <datafield tag="952" ind1=" " ind2=" ">
    <subfield code="0">0</subfield>
    <subfield code="1">0</subfield>
    <subfield code="3">Vol. 4, 1976</subfield>
    <subfield code="4">0</subfield>
    <subfield code="7">0</subfield>
    <subfield code="9">138090</subfield>
    <subfield code="a">NSL</subfield>
    <subfield code="b">NSL</subfield>
    <subfield code="c">SF/Rk-2/C-7/R-2</subfield>
    <subfield code="d">1992-07-02</subfield>
    <subfield code="l">0</subfield>
    <subfield code="p">126634</subfield>
    <subfield code="r">2023-09-05 00:00:00</subfield>
    <subfield code="w">1992-07-02</subfield>
    <subfield code="y">CR</subfield>
  </datafield>
  <datafield tag="952" ind1=" " ind2=" ">
    <subfield code="0">0</subfield>
    <subfield code="1">0</subfield>
    <subfield code="3">Vol. 2, 1974</subfield>
    <subfield code="4">0</subfield>
    <subfield code="7">0</subfield>
    <subfield code="9">138097</subfield>
    <subfield code="a">NSL</subfield>
    <subfield code="b">NSL</subfield>
    <subfield code="c">SF/Rk-2/C-7/R-2</subfield>
    <subfield code="d">1976-11-02</subfield>
    <subfield code="l">0</subfield>
    <subfield code="p">77305</subfield>
    <subfield code="r">2023-09-05 00:00:00</subfield>
    <subfield code="w">1976-11-02</subfield>
    <subfield code="y">CR</subfield>
  </datafield>
  <datafield tag="952" ind1=" " ind2=" ">
    <subfield code="0">0</subfield>
    <subfield code="1">0</subfield>
    <subfield code="3">Vol. 9, 1981</subfield>
    <subfield code="4">0</subfield>
    <subfield code="7">0</subfield>
    <subfield code="9">138101</subfield>
    <subfield code="a">NSL</subfield>
    <subfield code="b">NSL</subfield>
    <subfield code="c">SF/Rk-2/C-7/R-2</subfield>
    <subfield code="d">1992-07-02</subfield>
    <subfield code="l">0</subfield>
    <subfield code="p">126639</subfield>
    <subfield code="r">2023-09-05 00:00:00</subfield>
    <subfield code="w">1992-07-02</subfield>
    <subfield code="y">CR</subfield>
  </datafield>
  <datafield tag="952" ind1=" " ind2=" ">
    <subfield code="0">0</subfield>
    <subfield code="1">0</subfield>
    <subfield code="3">Vol. 11, 1983</subfield>
    <subfield code="4">0</subfield>
    <subfield code="7">0</subfield>
    <subfield code="9">138106</subfield>
    <subfield code="a">NSL</subfield>
    <subfield code="b">NSL</subfield>
    <subfield code="c">SF/Rk-2/C-7/R-2</subfield>
    <subfield code="d">1992-07-02</subfield>
    <subfield code="l">0</subfield>
    <subfield code="p">126641</subfield>
    <subfield code="r">2023-09-05 00:00:00</subfield>
    <subfield code="w">1992-07-02</subfield>
    <subfield code="y">CR</subfield>
  </datafield>
  <datafield tag="952" ind1=" " ind2=" ">
    <subfield code="0">0</subfield>
    <subfield code="1">0</subfield>
    <subfield code="3">Vol. 10, 1982</subfield>
    <subfield code="4">0</subfield>
    <subfield code="7">0</subfield>
    <subfield code="9">138111</subfield>
    <subfield code="a">NSL</subfield>
    <subfield code="b">NSL</subfield>
    <subfield code="c">SF/Rk-2/C-7/R-2</subfield>
    <subfield code="d">1992-07-02</subfield>
    <subfield code="l">0</subfield>
    <subfield code="p">126640</subfield>
    <subfield code="r">2023-09-05 00:00:00</subfield>
    <subfield code="w">1992-07-02</subfield>
    <subfield code="y">CR</subfield>
  </datafield>
  <datafield tag="952" ind1=" " ind2=" ">
    <subfield code="0">0</subfield>
    <subfield code="1">0</subfield>
    <subfield code="3">Vol. 8, 1980</subfield>
    <subfield code="4">0</subfield>
    <subfield code="7">0</subfield>
    <subfield code="9">138115</subfield>
    <subfield code="a">NSL</subfield>
    <subfield code="b">NSL</subfield>
    <subfield code="c">SF/Rk-2/C-7/R-2</subfield>
    <subfield code="d">1992-07-02</subfield>
    <subfield code="l">0</subfield>
    <subfield code="p">126638</subfield>
    <subfield code="r">2023-09-05 00:00:00</subfield>
    <subfield code="w">1992-07-02</subfield>
    <subfield code="y">CR</subfield>
  </datafield>
  <datafield tag="952" ind1=" " ind2=" ">
    <subfield code="0">0</subfield>
    <subfield code="1">0</subfield>
    <subfield code="3">Vol. 7, 1979</subfield>
    <subfield code="4">0</subfield>
    <subfield code="7">0</subfield>
    <subfield code="9">138119</subfield>
    <subfield code="a">NSL</subfield>
    <subfield code="b">NSL</subfield>
    <subfield code="c">SF/Rk-2/C-7/R-2</subfield>
    <subfield code="d">1992-07-02</subfield>
    <subfield code="l">0</subfield>
    <subfield code="p">126637</subfield>
    <subfield code="r">2023-09-05 00:00:00</subfield>
    <subfield code="w">1992-07-02</subfield>
    <subfield code="y">CR</subfield>
  </datafield>
  <datafield tag="952" ind1=" " ind2=" ">
    <subfield code="0">0</subfield>
    <subfield code="1">0</subfield>
    <subfield code="3">Vol. 5, 1977</subfield>
    <subfield code="4">0</subfield>
    <subfield code="7">0</subfield>
    <subfield code="9">138122</subfield>
    <subfield code="a">NSL</subfield>
    <subfield code="b">NSL</subfield>
    <subfield code="c">SF/Rk-2/C-7/R-2</subfield>
    <subfield code="d">1992-07-02</subfield>
    <subfield code="l">0</subfield>
    <subfield code="p">126635</subfield>
    <subfield code="r">2023-09-05 00:00:00</subfield>
    <subfield code="w">1992-07-02</subfield>
    <subfield code="y">CR</subfield>
  </datafield>
</record>
